| 000 | 00813nam a22001457a 4500 | ||
|---|---|---|---|
| 020 | _a0-439-98235-9 | ||
| 082 |
_a823 _bDOL/T |
||
| 100 | _aDOLAN, PENNY | ||
| 245 | _aTHE TALE OF HIGHOVER HILL | ||
| 260 |
_aUK _bSCHOLASTIC LTD _c2002 |
||
| 300 | _a96 | ||
| 520 | _aJonas Jones and his little dog Scraps first encounter Lizzie Linnet on their way to market. She's not very friendly to them, but Jonas knows she needs their help. Lizzie's hiding something, and Jonas is sure it has something to do with Lizzie's part in Madam Mesmer's Marvellous Medicine Show, conning people into buying Octodius Ollett's mysterious potions. Lizzie knows she must escape, but she can't leave her only friends, Dobbin and Bray the donkeys. And even if she did get away, where would she go...? | ||
| 650 | _aSHORT STORY | ||
| 942 | _cBK | ||
| 999 |
_c5825 _d5825 |
||